000 00832nam a22001577a 4500
003 SGT
020 _a9788121936484
082 _a658.72 JAIN
245 _aPURCHASING AND MATERIALS MANAGEMENT
250 _a1ST
260 _aNEW DELHI
_bS.CHAND
_c2011
300 _a346
650 _aPURCHASING AND MATERIALS MANAGEMENT
653 _aMaterial Management | Integrated Materials Management | Computer Application And System Analysis For Material Management | Standardization And Variety Reduction | Classification And Codification Of Materials | Materials Planning And Budgeting | Stores And Stores Management | Automatic Storing And Warehousing | Stores In Stock Yards | Preservation Of Materials | Materials Handling | Inventory Planning And Control | Inventory Management Models | Selective Inventory Control
942 _2ddc
_cFCM
999 _c10459
_d10459